twenty one pilots "the" songs - Statistics

General Stats
  • This quiz has been taken 234 times
    96 since last reset
  • The average score is 7 of 8
Answer Stats
album song title % Correct
Breach The Contract
92%
Blurryface The Judge
92%
Clancy The Craving
91%
Trench The Hype
88%
Scaled and Icy The Outside
84%
Vessel The Run and Go
83%
Single The Line
76%
Self-Titled The Pantaloon
76%
No matching quizzes found
Score Distribution
Percent of People with Each Score
Percentile by Number Answered
Your Score History
You have not taken this quiz since the last reset